Statistiques concernant La réponse est un groupe de musique

Cliquez ici pour prendre le quiz!

Statistiques générales

  • Ce quiz a été pris 213 fois
  • Le résultat moyen est 11 sur 22

Statistiques - réponses

IndiceRéponse% Correct
Point d'eau dans le désertOasis
89%
Ancienne colonie française d'Asie du Sud-EstIndochine
88%
Prison symbole de la Révolution françaiseBastille
82%
Avion à réaction, souvent privéJet
82%
Appareil permettant de discuter à distanceTéléphone
82%
Tireur d'élite utilisant un fusil de précisionSniper
76%
Vieux ContinentEurope
74%
Etat des Etats-Unis, le deuxième plus vaste après l'AlaskaTexas
70%
Abréviation d'une insulte incluant une mamanNTM
66%
Etat de sérénité absolue que cherchent à atteindre les bouddhistesNirvana
64%
Imitation de médicament sans principe actifPlacebo
60%
Diplôme correspondant à bac +2BTS
57%
Abréviation anglaise pour courant alternatif ou continuAC/DC
50%
Grande ville du MassachussetsBoston
37%
Nettoies une cheminéeRamones
37%
Abréviation servant à exprimer l'hilarité, équivalent anglais de MDRLMFAO
31%
Arthropodes armés d'un dardScorpions
28%
Autre état américain, frontalier du Nebraska, du Missouri, du Colorado et de l'OklahomaKansas
26%
Avion espion américain utilisé durant la guerre froideU2
23%
Désigne une déesse de l'art dans la mythologie grecqueMuse
15%
Représentations visuelles d'objets ou d'idées par les arts graphiques ou plastiquesImages
6%
Lent effacement jusqu'à la disparitionEvanescence
5%

Distribution des résultats

Percentile par nombre de réponses

% des personnes avec chaque résultat

Votre développement - résultats

Vous n’avez pas pris ce quiz